[Event "ROM-ch U12 Boys"]
[Site "Voineasa"]
[Date "2008.04.15"]
[Round "5"]
[White "Simon, Emeric David"]
[Black "Dolean, Vlad"]
[Result "1-0"]
[WhiteElo "401"]
[BlackElo "401"]
[PlyCount "71"]
[EventDate "2008.04.08"]
[EventType "swiss"]
[EventRounds "9"]
[EventCountry "ROU"]
[SourceTitle "EXT 2013"]
[Source "ChessBase"]
[SourceDate "2012.11.22"]
[SourceVersion "1"]
[SourceVersionDate "2012.11.22"]
[SourceQuality "1"]

1. e4 e5 2. Nf3 Nc6 3. Bb5 a6 4. Bxc6 dxc6 5. Nxe5 Be6 6. b3 Qd4 7. Nc3 Qxe5 8. 0-0 0-0-0 9. d3 Qxc3 10. Rb1 c5 11. Bd2 Qe5 12. f4 Qf6 13. f5 Bd7 14. g3 c4 15. bxc4 Bc5+ 16. Kg2 Qe7 17. h4 b6 18. Bc3 Nh6 19. Bxg7 Rhg8 20. Bxh6 f6 21. d4 Bd6 22. Rf3 b5 23. c5 Bxc5 24. dxc5 Qxc5 25. Qd5 Qa7 26. Be3 Qb8 27. a4 Be8 28. Qxg8 Bc6 29. Qg4 Bd7 30. Qg7 Qb7 31. Bd4 Qc6 32. Rb2 Qd6 33. Qxf6 Qa3 34. Qxa6+ Kb8 35. Qa7+ Kc8 36. Qa8# 1-0